[Event "II Open Novotel A"]
[Site "Genova ITA"]
[Date "1998.08.??"]
[Round "4"]
[White "Taeger, Torsten"]
[Black "Quinn, Mark Peter"]
[Result "0-1"]
[WhiteElo "2160"]
[BlackElo "2350"]
[PlyCount "74"]
[EventDate "1998.08.10"]

1. e4 c5 2. Nc3 Nc6 3. g3 g6 4. Bg2 Bg7 5. d3 d6 6. Be3 Rb8 7. Qd2 b5 8. Nge2
b4 9. Nd1 Nd4 10. c3 bxc3 11. bxc3 Nxe2 12. Qxe2 Ba6 13. Qd2 Nf6 14. h3 O-O 15.
Rc1 Nd7 16. O-O Qa5 17. f4 f5 18. exf5 Rxf5 19. Rf2 e6 20. d4 Qc7 21. d5 Bc4
22. dxe6 Bxe6 23. g4 Rf7 24. f5 gxf5 25. gxf5 Bc4 26. Bd5 Bxd5 27. Qxd5 Nf6 28.
Qg2 Re8 29. Bf4 Nh5 30. Bg3 Re1+ 31. Rf1 Rxf1+ 32. Kxf1 Rxf5+ 33. Nf2 Nxg3+ 34.
Qxg3 Qf7 35. Rc2 Qd5 36. Kg1 Rg5 37. Ng4 Qd1+ 0-1

[Event "II Open Novotel A"]
[Site "Genova ITA"]
[Date "1998.08.??"]
[Round "4"]
[White "Vujovic, Milorad"]
[Black "Lanzavecchia, Pierdante"]
[Result "1-0"]
[WhiteElo "2275"]
[BlackElo "1872"]
[PlyCount "149"]
[EventDate "1998.08.10"]

1. e4 e5 2. Nf3 Nc6 3. d4 exd4 4. Bc4 Nf6 5. e5 d5 6. Bb5 Ne4 7. Nxd4 Bd7 8.
Bxc6 bxc6 9. O-O c5 10. Ne2 Bc6 11. f3 Ng5 12. f4 Ne4 13. Nd2 d4 14. Nxe4 Bxe4
15. Ng3 Bc6 16. Qg4 Qd5 17. Rf2 c4 18. Nh5 a6 19. Bd2 d3 20. Be3 Qe4 21. Qh3
Rd8 22. c3 Rg8 23. Re1 Be7 24. Bd2 Qd5 25. f5 Bc5 26. Qg3 Bxf2+ 27. Kxf2 Kd7
28. f6 g5 29. Ng7 Kc8 30. Bxg5 Qb5 31. Bd2 Qxb2 32. Qf4 Qb5 33. Re3 h5 34. Qf5+
Kb8 35. Qf4 Qd5 36. Qg3 h4 37. Qg5 Ka8 38. Re1 Rb8 39. e6 fxe6 40. Re5 Qxg2+
41. Qxg2 Bxg2 42. Nxe6 Bh3 43. Ng5 Bd7 44. f7 Rgf8 45. Ke3 Rb5 46. Kd4 Rb2 47.
Ke3 Kb7 48. Re7 Kc6 49. Nh7 Rbb8 50. Nxf8 Rxf8 51. Bc1 Bg4 52. Ba3 Bh5 53. Re6+
Kd7 54. Re5 Rxf7 55. Rxh5 Rf1 56. Rxh4 Re1+ 57. Kd2 Re2+ 58. Kd1 Rxa2 59. Bc1
Ra4 60. Re4 Ra2 61. h4 Rh2 62. Rxc4 Ke6 63. Bg5 a5 64. Rc5 a4 65. Ra5 a3 66.
Rxa3 Kd5 67. Ra4 c5 68. Rg4 c4 69. Be3 Rh1+ 70. Bg1 Ke5 71. Kd2 Kd5 72. h5 Rxh5
73. Rd4+ Kc6 74. Rxc4+ Kb5 75. Rb4+ 1-0

[Event "II Open Novotel A"]
[Site "Genova ITA"]
[Date "1998.08.??"]
[Round "5"]
[White "Capece, Adolivio"]
[Black "Astengo, Corrado"]
[Result "1-0"]
[WhiteElo "2015"]
[BlackElo "2160"]
[PlyCount "57"]
[EventDate "1998.08.10"]

1. e4 c5 2. Nc3 Nc6 3. g3 g6 4. Bg2 Bg7 5. d3 d6 6. Nge2 e6 7. Bf4 a6 8. Qd2
Qc7 9. O-O Nd4 10. Nd1 Ne7 11. c3 Nxe2+ 12. Qxe2 O-O 13. Qd2 e5 14. Be3 Be6 15.
c4 b5 16. b3 Rab8 17. Nc3 f5 18. Nd5 Bxd5 19. cxd5 f4 20. gxf4 exf4 21. Bxf4
Bxa1 22. Rxa1 Qd7 23. Qe3 h5 24. Bh3 Qc7 25. Qg3 Rbd8 26. Qg5 Nc8 27. Be6+ Kh8
28. Bc1 Qg7 29. Bb2 1-0

[Event "II Open Novotel A"]
[Site "Genova ITA"]
[Date "1998.08.??"]
[Round "5"]
[White "Cebalo, Miso"]
[Black "Godena, Michele"]
[Result "0-1"]
[WhiteElo "2535"]
[BlackElo "2510"]
[PlyCount "82"]
[EventDate "1998.08.10"]

1. d4 Nf6 2. Nf3 e6 3. c4 Nc6 4. Bg5 h6 5. Bxf6 Qxf6 6. Nc3 Bb4 7. Rc1 e5 8. d5
e4 9. dxc6 exf3 10. cxb7 Bxb7 11. gxf3 O-O 12. Bg2 Qh4 13. Qd3 Bc5 14. O-O Bd6
15. Rfd1 Qxh2+ 16. Kf1 Rae8 17. Qf5 Re6 18. c5 Bxc5 19. Qxc5 Rg6 20. Rxd7 Rxg2
21. Ke1 Re8 22. Qxc7 Qg1+ 23. Kd2 Qxf2 24. Rd8 Qe3+ 25. Kc2 Bxf3 26. Rcd1 Be4+
27. Kb3 Rxd8 28. Rxd8+ Kh7 29. Rd7 Bf5 30. Rd6 Be6+ 31. Ka3 Rg5 32. Ra6 Rc5 33.
Rc6 Rxc6 34. Qxc6 h5 35. Qb5 g6 36. Qb4 Qb6 37. Qa4 Qc5+ 38. Qb4 Qxb4+ 39. Kxb4
h4 40. Ne4 Kh6 41. a4 h3 0-1

[Event "II Open Novotel A"]
[Site "Genova ITA"]
[Date "1998.08.??"]
[Round "5"]
[White "Di Paolo, Raffaele"]
[Black "Lim, Kok Ann"]
[Result "1-0"]
[WhiteElo "2270"]
[BlackElo "2045"]
[PlyCount "69"]
[EventDate "1998.08.10"]

1. e4 d6 2. d4 Nf6 3. Nc3 c6 4. f4 Qa5 5. Bd3 e5 6. dxe5 dxe5 7. f5 Bb4 8. Bd2
Nbd7 9. a3 Bxc3 10. Bxc3 Qc7 11. Nf3 a5 12. a4 O-O 13. Qe2 Re8 14. Qf2 b6 15.
Qg3 c5 16. Nd2 Bb7 17. b3 Rad8 18. O-O Nb8 19. Qh4 Nc6 20. Rf3 Nd4 21. Rg3 Kh8
22. Re1 Qe7 23. Rg5 Rg8 24. Rg3 Rd7 25. Nc4 h6 26. Nxb6 Nh7 27. Qxe7 Rxe7 28.
Nc4 Ba6 29. Bxd4 exd4 30. Nxa5 Bxd3 31. Rxd3 Rge8 32. c3 Rxe4 33. Rxe4 Rxe4 34.
cxd4 cxd4 35. Nc6 1-0

[Event "II Open Novotel A"]
[Site "Genova ITA"]
[Date "1998.08.??"]
[Round "5"]
[White "Durdevic, Radoslav"]
[Black "Gofshtein, Leonid D."]
[Result "0-1"]
[WhiteElo "2130"]
[BlackElo "2500"]
[PlyCount "88"]
[EventDate "1998.08.10"]

1. e4 c5 2. Nf3 e6 3. d4 cxd4 4. Nxd4 a6 5. Nc3 b5 6. Bd3 Qb6 7. Nb3 Qc7 8. O-O
Nf6 9. Qe2 Bb7 10. a3 d6 11. Bf4 Nbd7 12. Rad1 e5 13. Bg5 Be7 14. Rfe1 O-O 15.
f3 Rfe8 16. Kh1 Nf8 17. Be3 Ne6 18. Qf2 Nc5 19. Nxc5 dxc5 20. Bf1 c4 21. g3 Bc6
22. Bg2 Qb7 23. Bc5 Bxc5 24. Qxc5 Nd7 25. Qe3 Nb6 26. Rd2 a5 27. Red1 b4 28.
axb4 axb4 29. Nb1 c3 30. Re2 Nc4 31. Qc5 Nxb2 32. Rde1 Rac8 33. f4 Qb5 34. Qe3
Rcd8 35. f5 Nc4 36. Qc1 Rd6 37. Bf1 Qc5 38. Rg2 Red8 39. g4 Bxe4 40. Rxe4 Rd1
41. Rxc4 Qxc4 42. Rg1 Rxc1 43. Bxc4 Rxg1+ 44. Kxg1 Rd1+ 0-1

[Event "II Open Novotel A"]
[Site "Genova ITA"]
[Date "1998.08.??"]
[Round "5"]
[White "Loncar, Robert"]
[Black "Vujovic, Milorad"]
[Result "1/2-1/2"]
[WhiteElo "2410"]
[BlackElo "2275"]
[PlyCount "28"]
[EventDate "1998.08.10"]

1. e4 e6 2. d3 d5 3. Qe2 Be7 4. Nf3 Nc6 5. g3 Nf6 6. e5 Nd7 7. Bg2 O-O 8. d4 f6
9. exf6 Nxf6 10. O-O Re8 11. Bg5 Ne4 12. Bxe7 Qxe7 13. Nbd2 Nxd2 14. Qxd2 e5
1/2-1/2

[Event "II Open Novotel A"]
[Site "Genova ITA"]
[Date "1998.08.??"]
[Round "5"]
[White "Mancini, Giustino"]
[Black "Wall, Gavin"]
[Result "0-1"]
[WhiteElo "2035"]
[BlackElo "2355"]
[PlyCount "52"]
[EventDate "1998.08.10"]

1. d4 f5 2. c4 Nf6 3. Nc3 g6 4. g3 Bg7 5. Bg2 O-O 6. Nf3 d6 7. O-O Qe8 8. d5
Na6 9. Re1 h6 10. Nd4 Bd7 11. e4 fxe4 12. Nxe4 Qf7 13. Ne6 Nxe4 14. Bxe4 Qxf2+
15. Kh1 Bxe6 16. dxe6 Nc5 17. Bxg6 Rf3 18. Qe2 Rf6 19. Bf7+ Kh7 20. Bd2 Qxe2
21. Rxe2 Rf5 22. Rb1 a5 23. Kg2 a4 24. g4 Re5 25. Kf3 Rf8 26. Bc3 Rxe6 0-1

[Event "II Open Novotel A"]
[Site "Genova ITA"]
[Date "1998.08.??"]
[Round "5"]
[White "Mollero, Michele"]
[Black "Berni, Mauro"]
[Result "1-0"]
[WhiteElo "2160"]
[BlackElo "1977"]
[PlyCount "91"]
[EventDate "1998.08.10"]

1. e4 c5 2. Nf3 Nc6 3. d4 cxd4 4. Nxd4 g6 5. Be3 Nf6 6. Nc3 Bg7 7. Be2 d6 8.
O-O O-O 9. Kh1 Nxd4 10. Bxd4 Be6 11. Qd2 a6 12. Rad1 Rc8 13. f4 b5 14. a3 Qc7
15. f5 Bc4 16. Bxc4 Qxc4 17. Rf3 e5 18. Bf2 Nxe4 19. Nxe4 Qxe4 20. f6 Rxc2 21.
fxg7 Rfc8 22. Qxd6 Rc1 23. Rxc1 Rxc1+ 24. Bg1 Qa8 25. Qxe5 Qa7 26. Qe3 Qc7 27.
Qf4 Qa7 28. Rf1 Rxf1 29. Qxf1 Qd7 30. Qf6 Qd1 31. h3 h5 32. Kh2 Qd7 33. Bd4
Qc7+ 34. Be5 Qc8 35. Bc3 Qa8 36. Qg5 Kh7 37. Be5 Qe8 38. Qf6 Kg8 39. Bd6 Qa8
40. Bg3 Qc8 41. Bf4 Qc4 42. h4 Qc5 43. Qxa6 Kxg7 44. Qd6 Qf2 45. Be5+ Kh7 46.
Qf6 1-0

[Event "II Open Novotel A"]
[Site "Genova ITA"]
[Date "1998.08.??"]
[Round "6"]
[White "Efimov, Igor"]
[Black "Mollero, Michele"]
[Result "1-0"]
[WhiteElo "2530"]
[BlackElo "2160"]
[PlyCount "56"]
[EventDate "1998.08.10"]

1. Nf3 d5 2. c4 dxc4 3. Qa4+ c6 4. Qxc4 Nf6 5. g3 Bg4 6. Bg2 e6 7. O-O Nbd7 8.
d4 Be7 9. Nc3 O-O 10. h3 Bh5 11. Rd1 Rc8 12. e4 b5 13. Qe2 b4 14. Na4 Qa5 15.
b3 Nb6 16. Nxb6 axb6 17. g4 Bg6 18. Ne5 c5 19. d5 exd5 20. exd5 Bd6 21. Nc6 Qa8
22. Bb2 Rfe8 23. Qf1 Ne4 24. a3 Rxc6 25. axb4 Qb8 26. dxc6 Bh2+ 27. Kh1 Qf4 28.
Re1 Re7 1-0

[Event "II Open Novotel A"]
[Site "Genova ITA"]
[Date "1998.08.??"]
[Round "6"]
[White "Godena, Michele"]
[Black "Loncar, Robert"]
[Result "1-0"]
[WhiteElo "2510"]
[BlackElo "2410"]
[PlyCount "129"]
[EventDate "1998.08.10"]

1. e4 d6 2. d4 Nf6 3. Nc3 g6 4. g3 Bg7 5. Bg2 O-O 6. h3 e5 7. Nge2 a6 8. O-O b5
9. Bg5 h6 10. dxe5 dxe5 11. Qxd8 Rxd8 12. Bxf6 Bxf6 13. Nd5 Bg7 14. Nxc7 Ra7
15. Nd5 Nc6 16. c3 Be6 17. Rfd1 Rad7 18. Nc1 f5 19. Nb3 fxe4 20. Ne3 Rxd1+ 21.
Rxd1 Rxd1+ 22. Nxd1 Ne7 23. Nc5 Bxa2 24. Nxa6 Nd5 25. Bxe4 Kf7 26. Bd3 Bc4 27.
Bxc4 bxc4 28. Nc5 h5 29. Ne4 Ke6 30. Nd2 Nb6 31. Ne3 Bh6 32. Ndxc4 Na4 33. Nd1
Kd5 34. b3 Nc5 35. Na5 Ke4 36. b4 Na4 37. Nb3 Bf8 38. Nc1 Bh6 39. Nb3 Bf8 40.
b5 Kd3 41. Na5 Kc2 42. Ne3+ Kxc3 43. Nc6 Bd6 44. h4 Nb6 45. Nd8 Be7 46. Nf7 Bf6
47. Kg2 e4 48. Ng5 Bxg5 49. hxg5 Kb4 50. Nf5 Nd5 51. Nh4 e3 52. fxe3 Kxb5 53.
Kf3 Nc7 54. Ke4 Ne6 55. Nf3 Ng7 56. Ke5 Kc4 57. Nh4 Kd3 58. Kf6 Ne8+ 59. Kxg6
Kxe3 60. Kf7 Nd6+ 61. Ke7 Ne4 62. g6 Kf2 63. g7 Kxg3 64. g8=Q+ Kxh4 65. Qc4 1-0

[Event "II Open Novotel A"]
[Site "Genova ITA"]
[Date "1998.08.??"]
[Round "6"]
[White "Gofshtein, Leonid D."]
[Black "Di Paolo, Raffaele"]
[Result "1/2-1/2"]
[WhiteElo "2500"]
[BlackElo "2270"]
[PlyCount "128"]
[EventDate "1998.08.10"]

1. d4 Nf6 2. c4 g6 3. Nc3 Bg7 4. e4 d6 5. h3 O-O 6. Bg5 Na6 7. Nf3 h6 8. Be3 e5
9. d5 Nc5 10. Nd2 a5 11. Be2 Ne8 12. O-O f5 13. exf5 gxf5 14. f4 Nd7 15. Nf3
Nef6 16. Qd2 Ne4 17. Nxe4 fxe4 18. Nh2 exf4 19. Bxf4 Qf6 20. Rad1 Ne5 21. Qe1
Qg6 22. Qh4 Bf5 23. Bh5 Qh7 24. Ng4 Nd3 25. Ne3 Bd7 26. Qg3 Rxf4 27. Bg6 Be5
28. Bxh7+ Kxh7 29. Rxd3 Rxf1+ 30. Nxf1 Bxg3 31. Rxg3 a4 32. Nd2 Bf5 33. Kf2 b5
34. cxb5 Rb8 35. Rc3 Rxb5 36. Rxc7+ Kg8 37. Nc4 Rxd5 38. Rc6 Be6 39. Rxd6 Rf5+
40. Ke3 Bxc4 41. Kxe4 Rf2 42. b3 axb3 43. axb3 Bxb3 44. Rxh6 Rxg2 45. Kf4 Kg7
46. Rb6 Bf7 47. Kf3 Ra2 48. Kf4 Ra4+ 49. Kf5 Ra5+ 50. Kf4 Bg6 51. Re6 Rf5+ 52.
Kg4 Rf7 53. Re5 Kh6 54. Rc5 Ra7 55. Rc4 Ra5 56. Rf4 Rg5+ 57. Kf3 Bf5 58. Rd4
Rg1 59. Rh4+ Kg5 60. Rh8 Rb1 61. Rg8+ Kf6 62. Rh8 Rb3+ 63. Kf4 Bxh3 64. Rh6+
Ke7 1/2-1/2

[Event "II Open Novotel A"]
[Site "Genova ITA"]
[Date "1998.08.??"]
[Round "6"]
[White "Vujovic, Milorad"]
[Black "Cebalo, Miso"]
[Result "0-1"]
[WhiteElo "2275"]
[BlackElo "2535"]
[PlyCount "78"]
[EventDate "1998.08.10"]

1. e4 c5 2. Nf3 d6 3. Bb5+ Nd7 4. a4 a6 5. Bc4 e6 6. O-O Ngf6 7. Re1 b6 8. d4
cxd4 9. Nxd4 Qc7 10. Ba2 Nc5 11. Nc3 Be7 12. f4 Bb7 13. Qf3 O-O 14. b4 Ncd7 15.
Bb2 d5 16. exd5 Bxb4 17. Qg3 Bc5 18. Nce2 Ne4 19. Qf3 Bxd5 20. Bxd5 exd5 21.
Ng3 Ndf6 22. Ngf5 Qd7 23. g4 Rac8 24. Re2 Rfe8 25. Kh1 Nd6 26. Nxd6 Bxd6 27.
Nf5 Rxe2 28. Qxe2 Re8 29. Qf3 Qe6 30. Nxg7 Kxg7 31. g5 Qe4 32. gxf6+ Kh6 33.
Rf1 Bxf4 34. Qxe4 Rxe4 35. Rd1 Re2 36. Rxd5 Rxh2+ 37. Kg1 Rxc2 38. Bd4 Rd2 39.
Rd8 Rxd4 0-1

[Event "II Open Novotel A"]
[Site "Genova ITA"]
[Date "1998.08.??"]
[Round "6"]
[White "Wall, Gavin"]
[Black "Cirabisi, Federico"]
[Result "1-0"]
[WhiteElo "2355"]
[BlackElo "2140"]
[PlyCount "101"]
[EventDate "1998.08.10"]

1. e4 Nf6 2. Nc3 d5 3. e5 Ne4 4. Nce2 d4 5. c3 dxc3 6. Qa4+ Nd7 7. Nxc3 Nec5 8.
Qf4 Ne6 9. Qe3 g6 10. d4 Nb6 11. Nf3 Bg7 12. Bd3 O-O 13. O-O c6 14. Qe4 c5 15.
Be3 cxd4 16. Bxd4 Nxd4 17. Nxd4 Nd7 18. f4 Nc5 19. Qe3 Nxd3 20. Qxd3 Be6 21.
Rad1 Qb6 22. Na4 Qb4 23. Nxe6 fxe6 24. Qd4 Qxd4+ 25. Rxd4 Rac8 26. Nc3 g5 27.
g3 gxf4 28. gxf4 Rfd8 29. Rfd1 Rxd4 30. Rxd4 Kf7 31. Kf2 Bh6 32. Kf3 Ke8 33. h3
Rc6 34. Ra4 a6 35. Rb4 b6 36. Ne2 a5 37. Rb3 Kf7 38. Rc3 Rxc3+ 39. Nxc3 Ke8 40.
Ne4 Kf7 41. Kg4 Kg6 42. h4 Bg7 43. h5+ Kf7 44. Nd2 Ke8 45. Nc4 Kd7 46. Nxb6+
Kc6 47. Nc4 Kb5 48. Nd2 a4 49. Kf3 Kc5 50. Ne4+ Kd4 51. Nc3 1-0

[Event "II Open Novotel A"]
[Site "Genova ITA"]
[Date "1998.08.??"]
[Round "7"]
[White "Cebalo, Miso"]
[Black "Wall, Gavin"]
[Result "1/2-1/2"]
[WhiteElo "2535"]
[BlackElo "2355"]
[PlyCount "98"]
[EventDate "1998.08.10"]

1. d4 f5 2. Nf3 g6 3. g3 Bg7 4. Bg2 Nf6 5. c4 O-O 6. Nc3 d6 7. O-O Qe8 8. b3 e5
9. dxe5 dxe5 10. e4 Nc6 11. Re1 fxe4 12. Ng5 Bg4 13. Qd2 Rd8 14. Nd5 Nxd5 15.
cxd5 Nd4 16. Ba3 Rxd5 17. Bxf8 Nf3+ 18. Nxf3 Rxd2 19. Nxd2 Bxf8 20. Nxe4 Kg7
21. Rac1 c6 22. h3 Bf5 23. Rcd1 Qb8 24. Re3 Qc7 25. Red3 Be7 26. g4 Be6 27. Bf3
Qa5 28. R1d2 Bd5 29. Kg2 Bb4 30. Re2 h6 31. Ng3 Kf6 32. Be4 Bc3 33. Rf3+ Kg7
34. Rc2 Bd4 35. a4 Qb6 36. Rc1 Qd8 37. b4 a6 38. Rc2 Qd7 39. Rd3 Qd6 40. Bxd5
cxd5 41. b5 axb5 42. axb5 Qb6 43. Rcd2 Qf6 44. f3 Qb6 45. Rd1 Qxb5 46. f4 exf4
47. Rxd4 fxg3 48. Kxg3 Qe2 49. R1d3 Qe1+ 1/2-1/2

[Event "II Open Novotel A"]
[Site "Genova ITA"]
[Date "1998.08.??"]
[Round "7"]
[White "Di Paolo, Raffaele"]
[Black "Siemes, Robert"]
[Result "1-0"]
[WhiteElo "2270"]
[BlackElo "2135"]
[PlyCount "55"]
[EventDate "1998.08.10"]

1. e4 c5 2. Nf3 d6 3. d4 cxd4 4. Nxd4 Nf6 5. Nc3 a6 6. Bc4 e6 7. Bb3 Nbd7 8.
O-O Nc5 9. Re1 Be7 10. Qf3 O-O 11. Bg5 Qc7 12. Rad1 b5 13. a3 Nxb3 14. cxb3 Bb7
15. Qg3 Rfd8 16. Re3 Rac8 17. Qh4 Qc5 18. b4 Qb6 19. Rh3 Kf8 20. Be3 Qc7 21. g4
h6 22. Rf3 Kg8 23. Bxh6 Nxe4 24. g5 gxh6 25. Nxe4 Bxe4 26. Qxe4 d5 27. Qh4 hxg5
28. Qh5 1-0

[Event "II Open Novotel A"]
[Site "Genova ITA"]
[Date "1998.08.??"]
[Round "7"]
[White "Durdevic, Radoslav"]
[Black "Vujovic, Milorad"]
[Result "0-1"]
[WhiteElo "2130"]
[BlackElo "2275"]
[PlyCount "63"]
[EventDate "1998.08.10"]

1. e4 c5 2. Nf3 e6 3. d4 cxd4 4. Nxd4 Nf6 5. Nc3 d6 6. Be3 a6 7. Qd2 b5 8. f3
Bb7 9. O-O-O Nbd7 10. g4 h6 11. Rg1 b4 12. Nce2 d5 13. exd5 Nxd5 14. Bf2 Bd6
15. Kb1 Qc7 16. Bg3 Ne5 17. Nc1 O-O-O 18. Ncb3 Nxf3 19. Nxf3 Bxg3 20. Bd3 Bf4
21. Qe2 Rd6 22. h3 Rhd8 23. Rde1 Ne3 24. Qf2 Qb6 25. Nfd2 g5 26. Nc1 Nc4 27.
Qxf4 Na3+ 28. bxa3 bxa3+ 29. Ncb3 gxf4 30. Nc4 Qb4 31. Nxd6+ Rxd6 32. g5 0-1

[Event "II Open Novotel A"]
[Site "Genova ITA"]
[Date "1998.08.??"]
[Round "7"]
[White "Gallitto, Salvatore"]
[Black "Taeger, Torsten"]
[Result "1-0"]
[WhiteElo "1767"]
[BlackElo "2160"]
[PlyCount "99"]
[EventDate "1998.08.10"]

1. d4 g6 2. e4 d6 3. h4 h5 4. Bc4 c6 5. a4 Bg7 6. Nc3 Nh6 7. Bxh6 Bxh6 8. Nf3
Qb6 9. Qd3 a5 10. O-O O-O 11. Ng5 Na6 12. Ne2 Qd8 13. Nf4 e6 14. Qg3 Bxg5 15.
hxg5 d5 16. exd5 cxd5 17. Be2 Nb4 18. b3 Nc6 19. Bxh5 Ne7 20. Bg4 Kg7 21. Nh3
Nc6 22. f4 Bd7 23. Nf2 Rb8 24. Bh3 b5 25. axb5 Rxb5 26. Nd3 Qb8 27. Ra2 Qd6 28.
Bg4 Rfb8 29. Kf2 Rh8 30. Raa1 Qb8 31. Ra2 Bc8 32. Rfa1 Qb6 33. Qe3 Qb8 34. Bh3
Bd7 35. Rb1 Rc8 36. Bg4 Rh8 37. Be2 Rb6 38. Qf3 Be8 39. Ne5 Nxe5 40. fxe5 Qd8
41. Qf6+ Qxf6+ 42. exf6+ Kf8 43. Rxa5 Rb8 44. Kg3 Bd7 45. b4 Ke8 46. b5 Kd8 47.
Ra7 Rf8 48. Rba1 Kc8 49. Ra8 Kb7 50. R1a7+ 1-0

[Event "II Open Novotel A"]
[Site "Genova ITA"]
[Date "1998.08.??"]
[Round "7"]
[White "Godena, Michele"]
[Black "Efimov, Igor"]
[Result "1/2-1/2"]
[WhiteElo "2510"]
[BlackElo "2530"]
[PlyCount "27"]
[EventDate "1998.08.10"]

1. e4 c5 2. c3 Nf6 3. e5 Nd5 4. Nf3 Nc6 5. d4 cxd4 6. cxd4 d6 7. Bc4 Nb6 8. Bb5
Bd7 9. exd6 e6 10. Bg5 Qb8 11. Nc3 Bxd6 12. O-O O-O 13. Re1 a6 14. Bf1 1/2-1/2

[Event "II Open Novotel A"]
[Site "Genova ITA"]
[Date "1998.08.??"]
[Round "7"]
[White "Loncar, Robert"]
[Black "Sislian, Hanno"]
[Result "1-0"]
[WhiteElo "2410"]
[BlackElo "2250"]
[PlyCount "88"]
[EventDate "1998.08.10"]

1. Nf3 Nf6 2. c4 c5 3. Nc3 Nc6 4. d4 cxd4 5. Nxd4 g6 6. g3 Bg7 7. Bg2 Nxd4 8.
Qxd4 d6 9. O-O O-O 10. Qd3 Be6 11. Bd2 Qd7 12. Rfd1 Rfd8 13. Rac1 a6 14. b3
Rab8 15. a4 Qe8 16. Bg5 h6 17. Be3 Nd7 18. Qd2 Kh7 19. Nd5 Bxd5 20. Bxd5 Rdc8
21. a5 Nf6 22. Bf3 Nd7 23. Bd5 Nf6 24. Bg2 Nd7 25. b4 Rc7 26. Rc2 Rbc8 27. Rdc1
Ne5 28. c5 dxc5 29. Rxc5 Rxc5 30. Bxc5 Nc6 31. Bb6 e6 32. h4 h5 33. Rb1 Kg8 34.
Qd3 Ne5 35. Qd1 Nc6 36. b5 axb5 37. Rxb5 Ne7 38. Rb1 Nd5 39. Bxd5 exd5 40. e3
Qe6 41. Bc5 Rc7 42. Qd3 Qc6 43. Bb6 Rd7 44. Rb5 Qe6 1-0

[Event "II Open Novotel A"]
[Site "Genova ITA"]
[Date "1998.08.??"]
[Round "7"]
[White "Pedemonte, Claudio"]
[Black "Bacigalupo, Claudio"]
[Result "1/2-1/2"]
[WhiteElo "1659"]
[BlackElo "1756"]
[PlyCount "100"]
[EventDate "1998.08.10"]

1. c4 f5 2. Nc3 Nf6 3. Nf3 e6 4. g3 b6 5. Bg2 Bb7 6. O-O Bb4 7. d3 O-O 8. Qc2
Bxc3 9. Qxc3 c5 10. b4 cxb4 11. Qxb4 Na6 12. Qd2 Rc8 13. a4 d6 14. a5 Nc5 15.
Qa2 Qd7 16. Bd2 Bc6 17. axb6 axb6 18. Rfb1 b5 19. cxb5 Bxb5 20. Nd4 Rb8 21. Qa5
Ba6 22. Rb6 Bb7 23. Qb4 Ra8 24. Rxa8 Bxa8 25. Nb5 Bxg2 26. Rxd6 Qb7 27. Qxc5
Ra8 28. Bc3 Rc8 29. Qe5 Bd5 30. e4 fxe4 31. dxe4 Nxe4 32. Rb6 Rxc3 33. Rxb7
Rc1+ 34. Kg2 Ng5+ 35. f3 Rc2+ 36. Kf1 Bc4+ 37. Ke1 Nxf3+ 38. Kd1 Rd2+ 39. Kc1
Nxe5 40. Kxd2 Nf3+ 41. Ke3 Bd5 42. Rb8+ Kf7 43. Nd6+ Ke7 44. Nb5 Nxh2 45. Nc3
Ng4+ 46. Kf4 Nf6 47. Rb2 Kf7 48. Ke5 Ng4+ 49. Kd6 Nf6 50. Rf2 Kg6 1/2-1/2

[Event "II Open Novotel A"]
[Site "Genova ITA"]
[Date "1998.08.??"]
[Round "7"]
[White "Quinn, Mark Peter"]
[Black "Gofshtein, Leonid D."]
[Result "0-1"]
[WhiteElo "2350"]
[BlackElo "2500"]
[PlyCount "82"]
[EventDate "1998.08.10"]

1. d4 d6 2. e4 g6 3. Bd3 Bg7 4. c3 Nf6 5. Nf3 O-O 6. O-O Nc6 7. h3 e5 8. Na3
Kh8 9. Nc2 Nd7 10. Bg5 Qe8 11. Re1 f6 12. Bh4 Nd8 13. dxe5 fxe5 14. Bxd8 Qxd8
15. b4 Nf6 16. Bf1 Bd7 17. Qd3 Nh5 18. g3 a5 19. b5 b6 20. Bg2 Bh6 21. Re2 Ng7
22. Ne3 Bxe3 23. Rxe3 Ne6 24. Qe2 a4 25. Rb1 Qe7 26. Rd3 Nc5 27. Rd2 Be6 28.
Rb4 a3 29. Rc2 Rf6 30. Nh2 Raf8 31. f3 h5 32. Qe3 Qf7 33. c4 Qd7 34. h4 Bh3 35.
Qxa3 Bxg2 36. Kxg2 g5 37. hxg5 Rg6 38. Rb1 Ne6 39. Kh1 Nxg5 40. Rg2 Qh3 41. Kg1
Nxf3+ 0-1

[Event "II Open Novotel A"]
[Site "Genova ITA"]
[Date "1998.08.??"]
[Round "8"]
[White "Efimov, Igor"]
[Black "Cebalo, Miso"]
[Result "1/2-1/2"]
[WhiteElo "2530"]
[BlackElo "2535"]
[PlyCount "145"]
[EventDate "1998.08.10"]

1. e4 c5 2. Nf3 d6 3. Bb5+ Nd7 4. d4 cxd4 5. Qxd4 Ngf6 6. Nc3 a6 7. Bxd7+ Bxd7
8. Bg5 h6 9. Bxf6 gxf6 10. Nd5 Rc8 11. O-O-O Bg7 12. Nh4 e6 13. Ne3 Rc6 14. f4
O-O 15. f5 Qa5 16. Kb1 Rfc8 17. Rhf1 Qb6 18. Qd2 h5 19. b3 Bh6 20. Nc4 Bxd2 21.
Nxb6 Rxb6 22. Rxd2 e5 23. Rfd1 Kf8 24. g3 Ke7 25. Ng2 Bc6 26. Rxd6 Rb4 27. Ne3
Rxe4 28. R6d3 h4 29. g4 h3 30. c4 Kf8 31. Kb2 Kg7 32. Rg1 Rf4 33. Nd1 Bg2 34.
Ne3 Rf2+ 35. Ka3 Be4 36. Rd6 Rc6 37. Rd7 Rxh2 38. g5 fxg5 39. Rxg5+ Kf6 40. Rh5
Bf3 41. Rh7 Kg5 42. Rdxf7 Kf4 43. Nd5+ Bxd5 44. cxd5 Rd6 45. f6 Kf5 46. Rh5+
Ke4 47. Re7 Rxf6 48. Rexe5+ Kd4 49. Reg5 Kc5 50. Rg3 Rff2 51. Rc3+ Kd6 52.
Rcxh3 Rxa2+ 53. Kb4 Rxh3 54. Rxh3 Kxd5 55. Rh5+ Kc6 56. Rh6+ Kc7 57. Rh7+ Kb6
58. Rh6+ Ka7 59. Kc3 Rg2 60. Rf6 Rg7 61. Rh6 Rd7 62. Rg6 Kb8 63. b4 Rd5 64. Kb3
Kc7 65. Kc4 Rd6 66. Rg3 Rc6+ 67. Kb3 Rf6 68. Rc3+ Kd6 69. Rd3+ Ke5 70. Ka4 b6
71. Rh3 Rd6 72. Rh5+ Kd4 73. Rh4+ 1/2-1/2

[Event "II Open Novotel A"]
[Site "Genova ITA"]
[Date "1998.08.??"]
[Round "8"]
[White "Gofshtein, Leonid D."]
[Black "Godena, Michele"]
[Result "1-0"]
[WhiteElo "2500"]
[BlackElo "2510"]
[PlyCount "57"]
[EventDate "1998.08.10"]

1. d4 d5 2. c4 c6 3. Nf3 Nf6 4. Nc3 e6 5. Bg5 Nbd7 6. cxd5 exd5 7. e3 Qa5 8.
Bd3 Ne4 9. O-O Nxg5 10. Nxg5 Nf6 11. Re1 h6 12. Nf3 Bb4 13. Qc2 O-O 14. a3 Bd6
15. Ne5 Be6 16. f4 Rfc8 17. h3 c5 18. Qf2 Qd8 19. Kh1 Rab8 20. Qf3 cxd4 21.
exd4 Qb6 22. f5 Bd7 23. Nxd5 Nxd5 24. Nxd7 Qxd4 25. Rad1 Nf6 26. Be4 Qxb2 27.
Rxd6 Nxe4 28. Qxe4 Re8 29. Qxe8+ 1-0

[Event "II Open Novotel A"]
[Site "Genova ITA"]
[Date "1998.08.??"]
[Round "8"]
[White "Vujovic, Milorad"]
[Black "Di Paolo, Raffaele"]
[Result "1-0"]
[WhiteElo "2275"]
[BlackElo "2270"]
[PlyCount "39"]
[EventDate "1998.08.10"]

1. e4 c5 2. Nf3 d6 3. d4 cxd4 4. Nxd4 Nf6 5. Nc3 g6 6. Bc4 Bg7 7. Bb3 O-O 8. h3
Nc6 9. Be3 Bd7 10. O-O Rc8 11. f4 Qa5 12. a4 Nxd4 13. Bxd4 e5 14. Be3 Rxc3 15.
bxc3 Bc6 16. fxe5 dxe5 17. Bg5 Qc5+ 18. Kh2 Nxe4 19. Rxf7 Nxg5 20. Rxf8+ 1-0

[Event "II Open Novotel A"]
[Site "Genova ITA"]
[Date "1998.08.??"]
[Round "8"]
[White "Wall, Gavin"]
[Black "Loncar, Robert"]
[Result "1-0"]
[WhiteElo "2355"]
[BlackElo "2410"]
[PlyCount "99"]
[EventDate "1998.08.10"]

1. e4 e5 2. Nf3 Nc6 3. Bc4 Nf6 4. d3 Be7 5. O-O O-O 6. c3 d6 7. Bb3 Na5 8. Bc2
c5 9. Nbd2 Qc7 10. Re1 Re8 11. Nf1 h6 12. a3 a6 13. b4 Nc6 14. Ne3 Be6 15. Bb3
Nd8 16. c4 Nc6 17. bxc5 dxc5 18. Ba4 Nd7 19. Nd5 Qd6 20. Rb1 Rab8 21. Bd2 Bg4
22. Bc3 Bd8 23. h3 Bh5 24. g4 Bg6 25. Re2 h5 26. Reb2 hxg4 27. hxg4 b6 28. Bxc6
Qxc6 29. a4 Re6 30. Nh2 Bh7 31. Nf1 Nf8 32. Ba5 Nd7 33. Ng3 Qd6 34. Bd2 Rc8 35.
Kg2 a5 36. Nf5 Qf8 37. Qf3 Rcc6 38. Rh1 Qe8 39. Rbb1 Nf8 40. Rh3 Rc8 41. Rbh1
f6 42. Nxg7 Kxg7 43. Bh6+ Kg8 44. Bxf8 Bg6 45. Rh8+ Kf7 46. Qf5 Rec6 47. R1h7+
Bxh7 48. Qxh7+ Ke6 49. Qf5+ Kf7 50. Qh5+ 1-0

[Event "II Open Novotel A"]
[Site "Genova ITA"]
[Date "1998.08.??"]
[Round "9"]
[White "Cebalo, Miso"]
[Black "Cirabisi, Federico"]
[Result "1-0"]
[WhiteElo "2535"]
[BlackElo "2140"]
[PlyCount "85"]
[EventDate "1998.08.10"]

1. d4 d5 2. Nf3 c5 3. c4 cxd4 4. cxd5 Nf6 5. Nxd4 Nxd5 6. e4 Nb6 7. Nc3 e5 8.
Bb5+ Bd7 9. Nf5 Nc6 10. O-O Qf6 11. Be3 Bxf5 12. exf5 Bb4 13. Qg4 Bxc3 14. bxc3
h6 15. Rfd1 O-O 16. Qe4 Rfd8 17. g3 Nd7 18. Rab1 Rac8 19. Bxc6 bxc6 20. Bxa7
Rc7 21. Be3 Ra8 22. a4 Qe7 23. Qc4 c5 24. Rb5 Qf6 25. Qe4 Qa6 26. a5 Re8 27. c4
Nf6 28. Qb1 e4 29. Bf4 Rcc8 30. Rd6 Qa8 31. Qd1 e3 32. Bxe3 Qe4 33. a6 Ng4 34.
Qd5 Qc2 35. Rd7 Ne5 36. a7 Qe2 37. Kg2 Qh5 38. h3 Qxf5 39. Bf4 g5 40. Bxe5 Rxe5
41. Rd8+ Rxd8 42. Qxd8+ Kg7 43. a8=Q 1-0